Control systems/ (Record no. 8289)

MARC details
000 -LEADER
fixed length control field 00676nac a22002051u 4500
020 ## - INTERNATIONAL STANDARD BOOK NUMBER
International Standard Book Number 818431289X
082 ## - DEWEY DECIMAL CLASSIFICATION NUMBER
Classification number 629.8
Item number BAK
090 ## - LOCALLY ASSIGNED LC-TYPE CALL NUMBER (OCLC); LOCAL CALL NUMBER (OCLC)
-- 8289
-- 8289
100 ## - MAIN ENTRY--PERSONAL NAME
Personal name 20080729
245 ## - TITLE STATEMENT
Title Control systems/
Statement of responsibility, etc U. A. Bakshi and V. U. Bakshi
250 ## - EDITION STATEMENT
Edition statement 5th ed.
260 ## - PUBLICATION, DISTRIBUTION, ETC. (IMPRINT)
Place of publication, distribution, etc Pune, India:
Name of publisher, distributor, etc Technical publications,2003
Date of publication, distribution, etc 2003
300 ## - PHYSICAL DESCRIPTION
Extent 1v.:
Other physical details ill.;
Dimensions 23 cm.
500 ## - GENERAL NOTE
General note distributer: Al-Ahram
511 ## - PARTICIPANT OR PERFORMER NOTE
Participant or performer note catalogued by: wessam
650 ## - SUBJECT ADDED ENTRY--TOPICAL TERM
Topical term or geographic name as entry element Automatic control
700 ## - ADDED ENTRY--PERSONAL NAME
Personal name Bakshi V. A.
942 ## - ADDED ENTRY ELEMENTS (KOHA)
Item type Book - Borrowing
Call number prefix 629.8BAK
Holdings
Withdrawn status Item status Damaged status Not for loan Home library Current library Shelving location Date acquired Source of acquisition Total Checkouts Total Renewals Full call number Barcode Date last seen Date last borrowed Koha item type
        Central Library Central Library First floor 02/03/2008 Purchase 3 23 629.8BAK 000009870 15/07/2025 28/02/2017 Book - Borrowing